| 000 | 01293nam2a22002651 4500 | ||
|---|---|---|---|
| 001 | v19\rc\2044444 | ||
| 005 | 20260406130505.0 | ||
| 035 | _a(NLR Aleph) 005275886 | ||
| 090 |
_a6048016 _c6048016 |
||
| 100 | _a20081111d1914 |||y0rusy50 ca | ||
| 101 | 0 | _arus | |
| 102 | _aRU | ||
| 105 | _ay z ||||| | ||
| 200 | 1 | _aПраздник просвещения 12-го января | |
| 205 | _a2-е изд. | ||
| 210 |
_d1914 _aБ. м. |
||
| 461 | 0 |
_1001v19\rc\2044432 _12001#$aБорьба с пьянством (алкоголизмом)$eКнижки, листки и картины$fПод ред. И. Горбунова-Посадова. Вып. 1$vВып. 12 _96048011 _cМосква _dценз. 1905-1915 _fПод ред. И. Горбунова-Посадова. Вып. 1 _oКнижки, листки и картины _tБорьба с пьянством (алкоголизмом) _vВып. 12 |
|
| 532 | 1 | 1 | _aПраздник просвещения двенадцатого января |
| 700 | 1 |
_8rus _7ca _aТолстой _bЛ. Н. _f1828-1910 _gЛев Николаевич _3RU\NLR\AUTH\771515 _9111537 |
|
| 801 | 0 |
_aRU _bNLR _c20081111 _gpsbo |
|
| 801 | 1 |
_aRU _bProSoft-M _c20081111 _2rusmarc |
|
| 801 | 2 |
_aRU _bNLR _c20110606 _2rusmarc |
|
| 852 |
_aNLR _j37.70.4.1(12) |
||
| 942 | _cBOOK | ||
| 980 | _aNB | ||